000 00374nam a2200145Ia 4500
041 _aKurdish
082 _a300,1 cut-299 ت
100 _a20260118u\\\\\\\\\\\y0engy0103\\\\ba
100 _aفۆئاد تاهیر
245 0 _aهۆشیاریمان
250 _aچ1
260 _bچاپخانەیى چوارچرا
_aسلێمانى
_c2017
300 _a312
942 _cBk
999 _c188049
_d188049